15 Countries with the most F1 drivers - Statistics

General Stats
  • This quiz has been taken 66 times
  • The average score is 14 of 16
Answer Stats
Hint Answer % Correct
75 France
100%
54 Germany
100%
15 Spain
100%
100 Italy
98%
163 United Kingdom
98%
18 Australia
96%
33 Brazil
96%
58 United States
96%
15 Canada
93%
17 Netherlands
91%
26 Argentina
85%
16 Austria
85%
24 Belgium
85%
21 Japan
80%
29 Switzerland
72%
23 South Africa
54%
No matching quizzes found
Score Distribution
Percent of People with Each Score
Percentile by Number Answered
Your Score History
You have not taken this quiz